Tichá revolúcia

Priemyselná výroba vo veľkej miere profituje z noviniek IT technológií. Počítanie v oblakoch (cloudcomputing) je jedna z ciest, ktorá znásobuje možnosti využívania počítačových technológií pre firmy. Cloud 2015 - charakteristika, vízia. Cieľ programu Cloud Builders. Vývoj a prognózy. Product Life Ma...

Descripción completa

Guardado en:
Detalles Bibliográficos
Formato: Capítulo de libro
Lenguaje:eslovaco
Materias:
Etiquetas: Agregar Etiqueta
Sin Etiquetas, Sea el primero en etiquetar este registro!

MARC

LEADER 00000naa a2200000 4500
001 0122027
005 20231011121831.8
041 0 |a slo 
044 |a SK 
245 1 0 |a Tichá revolúcia 
520 |a Priemyselná výroba vo veľkej miere profituje z noviniek IT technológií. Počítanie v oblakoch (cloudcomputing) je jedna z ciest, ktorá znásobuje možnosti využívania počítačových technológií pre firmy. Cloud 2015 - charakteristika, vízia. Cieľ programu Cloud Builders. Vývoj a prognózy. Product Life Management. 
610 2 0 |a technológie informačné 
610 2 0 |a využitie počítačov 
610 2 0 |a siete počítačové 
610 2 0 |a prognózy 
610 2 0 |a vízie 
610 2 0 |a výroba priemyselná